| 000 | 00550nam a2200169 i 4500 | ||
|---|---|---|---|
| 001 | 23623 | ||
| 003 | ES-MaACL | ||
| 005 | 20230906152915.0 | ||
| 007 | t| | ||
| 008 | 021211s1961 sp ||||1| spa d | ||
| 245 | 0 | 4 | _aLos ancianos el 10% de nuestra población. |
| 260 |
_aBarcelona : _bColegio de Médicos de Barcelona : _bSalvá, _c1961. |
||
| 300 |
_a154 p. : _bil. ; _c25 cm. |
||
| 500 | _aEstudios sobre hospitales, 3ª época, número 32. | ||
| 710 | 2 |
_aColegio Oficial de Médicos de Barcelona. _92971 |
|
| 852 |
_aES-MaACL _jC-45534 _bR.68594 |
||
| 999 |
_c23623 _d23623 |
||